Statistiche per Città Più Grandi NON Province

Clicka qui per fare il quiz!

Statistiche generali

  • Questo quiz è stato fatto 29 volte
  • Il punteggio medio è 10 su 20

Statistiche sulle risposte

CittàPopolazioneRegione% Corretto
Giugliano In Campania123.679CAM
71%
Sesto San Giovanni78.884LOM
71%
Imola69.121EMR
64%
Busto Arsizio82.951LOM
61%
Fiumicino81.426LAZ
57%
Carpi71.839EMR
54%
Guidonia Montecelio89.114LAZ
54%
Quartu Sant'Elena68.585SAR
54%
Cesena95.778EMR
50%
Marsala79.809SIC
50%
Aprilia74.126LAZ
46%
Lamezia Terme67.026CAL
46%
Gela71.217SIC
43%
Torre Del Greco80.508CAM
43%
Altamura69.880PUG
39%
Pozzuoli76.331CAM
39%
Cinisello Balsamo74.528LOM
32%
Casoria74.021CAM
29%
Corigliano-Rossano74.066CAL
25%
Pomezia64.119LAZ
25%

Distribuzione punteggi

Percentile per numero di risposta

Percentuale di utenti per punteggio

I tuoi punteggi nel tempo

Non hai fatto questo quiz